00622cam a2200169 a 450000100100000000500170001000800410002704000250006808200170009310000320011024501200014226000830026230000340034565000210037965000250040070000270042500000437320200929151431.0041015s1954 enka 000 f eng d aDO-SdBNPbspacBNPHU a823.5bS977g1 aSwift, Jonathan,d1667-174510aGulliver's travels :binto several remote nations of the world /cJonathan Swift ; ilustración de Arthur Rackham. aLondres :bJ. M. Dent & Sons Ltd;aNew York :bE. P. Dutton & Co. Inc.,c1954. axiii, 210 p. :bil. ;c20 cm. 4aNovela irlandesa 4aLiteratura irlandesa1 aRackham, Arthur,eill.